Energy efficiency and microgeneration (Record no. 106656)

MARC details
000 -LEADER
fixed length control field 01157cam a2200229 4500
001 - CONTROL NUMBER
control field L137133
008 - FIXED-LENGTH DATA ELEMENTS--GENERAL INFORMATION
fixed length control field 070316s2007 xxk f 000 0 eng d
020 ## - INTERNATIONAL STANDARD BOOK NUMBER
International Standard Book Number 9780755914937
035 ## - SYSTEM CONTROL NUMBER
System control number (Sirsi) u137133
041 0# - LANGUAGE CODE
Language code of text/sound track or separate title eng
050 04 - LIBRARY OF CONGRESS CALL NUMBER
Classification number 333.790941 $2 21
110 2# - MAIN ENTRY--CORPORATE NAME
Corporate name or jurisdiction name as entry element Scotland
Subordinate unit Scottish Executive
9 (RLIN) 4769
245 00 - TITLE STATEMENT
Title Energy efficiency and microgeneration
Remainder of title achieving a low carbon future: a strategy for scotland
Medium [electronic resource]
260 ## - PUBLICATION, DISTRIBUTION, ETC.
Place of publication, distribution, etc. Edinburgh
Name of publisher, distributor, etc. Scottish Executive
Date of publication, distribution, etc. 2007
505 2# - FORMATTED CONTENTS NOTE
Formatted contents note Setting the scene -- Energy use in Scotland -- Changing our behaviour -- Knowing what we use -- Changing our buildings -- Improving our homes -- The public sector leading by example -- Conclusion and next steps.
520 ## - SUMMARY, ETC.
Summary, etc. Highlights work underway, sets out progress being made, and outlines work that is currently planned for the future of energy use in Scotland.
590 ## - LOCAL NOTE (RLIN)
Local note KA
651 #4 - SUBJECT ADDED ENTRY--GEOGRAPHIC NAME
Geographic name Scotland
Chronological subdivision 1999-
690 ## - LOCAL SUBJECT ADDED ENTRY--TOPICAL TERM (OCLC, RLIN)
Topical term or geographic name as entry element ENVIRONMENTAL AND LAND CONSULTANCY-ENERGY-RENEWABLE ENERGY
856 48 - ELECTRONIC LOCATION AND ACCESS
Uniform Resource Identifier <a href="https://www.scotland.gov.uk/Publications/2007/03/09144516/0">https://www.scotland.gov.uk/Publications/2007/03/09144516/0</a>
Public note View the consultation paper free of charge at www.scotland.gov.uk...
942 ## - ADDED ENTRY ELEMENTS (KOHA)
Suppress in OPAC 0
Holdings
Withdrawn status Lost status Source of classification or shelving scheme Damaged status Not for loan Home library Current library Shelving location Date acquired Total Checkouts Full call number Barcode Date last seen Copy number Price effective from Koha item type
    Dewey Decimal Classification     Virtual Virtual Online 16/03/2007   ONLINE PUBLICATION 137133-1001 06/08/2019 1 06/08/2019 Book